000 00664nam a2200205Ii 4500
003 JO-AjNU
008 230605s9999||||xx |||||||||||||| ||und||
040 _aJO-AjNU
_bara
_erda
_cJO-AjNU
041 _aara
050 1 4 _aPJ7814.Z4.A17 1970
100 3 _aتأليف العظم، يوسف,
_eauthor
_97111
245 0 0 _aفي رحاب الأقصى
250 _aط1
264 3 1 _aبيروت:المكتب الإسلامي،1970
300 _a118ص
336 _atext
_btxt
_2rdacontent
337 _aunmediated
_bn
_2rdamedia
338 _avolume
_bnc
_2rdacarrier
650 4 _a الشعر العربي - القرن العشرين - المسجد الأقصى
_97112
999 _aA113
_c3681
_d3681